000 01144nam a2200325 a 4500
001 vtls001488192
003 NLI
005 20210627133513.0
008 121207m1979uuuudcu f000 0 eng
039 9 _y201212071816
_zVLOAD
040 _aNLI
_beng
_cDatasoft_FOD
_eAACR2
041 0 _aeng
044 _a dcu
082 0 4 _a 344.73063635
110 1 _aUnited States.
_bCongress.
_bHouse.
_bCommittee on Banking, Financeand Urban Affairs
_9924973
245 1 0 _aBasic laws and authorities on housing and community development
250 _aRev. through Jan. 3, 1979.
260 _aWashington, D.C. :
_bUnited state government printing office,
_c1979-
300 _a-v. ;
_c24 cm.
500 _aLibrary has part.2
650 0 _aHousing
_xLaw and legislation
_zUnited States
_9714716
650 0 _aCommunity development
_xLaw and legislation
_zUnited States
_9714717
710 2 _aUnited States.
_kLaws, statutes, etc
_9714715
887 _a
901 _aAD 159422
_b27.09.2010
_9pt.2
902 _aU.S 344.73063635 Un 3
904 _lF 2610.
949 _AVIRTUAITEM
_D10002
_X100
_6FOD000159422ENG
_9pt.2
942 _2ddc
_cBKS
999 _aVIRTUA40
_c938457
_d938457